[Event "Forks-Pawns po"]
[Site "?"]
[Date "2011.05.14"]
[Round "3.1"]
[White "Friske, Tom"]
[Black "Caveney"]
[Result "1/2-1/2"]
[WhiteElo "2030"]
[BlackElo "2084"]
[Annotator "Friske,Tom"]
[PlyCount "117"]
[SourceDate "2011.05.11"]

1. d4 Nf6 2. c4 c6 3. Nf3 d6 4. Nc3 Nbd7 5. e4 e5 6. Be2 Be7 7. O-O O-O 8. Qc2
Re8 9. Rd1 Qc7 10. b3 exd4 11. Nxd4 Ne5 12. Bb2 Bf8 13. Na4 Bd7 14. f3 Rad8 15.
Rac1 Bc8 16. b4 Qe7 17. Qb3 g6 18. Rc3 Bg7 19. Bc1 h6 20. Be3 Qf8 21. h3 Kh8
22. Qb1 Ng8 23. Rb3 Bd7 24. Nc3 f5 25. Nc2 Be6 26. Na3 Qf7 27. Bxa7 {When
e-file clears with trades, e4 is found too weak.} Nxc4 28. Bxc4 Bxc4 29. Nxc4
Qxc4 {idea Bxc3 or fxe} 30. Qd3 (30. exf5 Bxc3 31. Rc1 Qa6) 30... Qxd3 31. Rxd3
Bxc3 32. Rdxc3 {This Rook, because eventual Rxe4 attacks b4-Pawn. Plus b4-b5
might work at some point.} fxe4 33. Bd4+ Kh7 34. a4 {No need to waste a move
re-capturing, White is down a Pawn either way.  Sending Pawn to undermine c6.}
(34. fxe4 Rxe4 {White wastes a second tempo moving the Bishop}) 34... Rd7 35.
a5 exf3 36. Rxf3 {Hoping to tie Rooks down to defence while weakening
Queenside.} Re4 {OK, so now I really have to decide about Bishop. Least he
spent a move doing it.} 37. Bf2 {Queenside play ready and his extra Pawn is
stifled. Also covers e1 from checks.  Brought back memories of a win against
the Knights late in the regular season !} Ree7 {Yea! Tempo gain for me !} 38.
Bg3 d5 39. Bf2 Rf7 40. Rfd3 {maintaining blockade} Nf6 41. Bd4 Ne4 {Seems
ideal placement, but Knight has no forward moves !} 42. Ra3 {looking for
Ra8-h8#} Rd8 43. a6 bxa6 44. Rxa6 {OK!  Have a two targets (Pawn and King) !}
Rc8 45. Rda3 {to invade, his Rooks can't hold both home ranks} g5 46. Ra7 {
Mate is still on the menu, if Kg6, and g4,Rg7#} Rcc7 47. Ra8 {psyche!} Nf6 48.
R3a6 (48. g4 {After the game several of us discussed my other option, but
White still doesn't force anything.} Ng8 {idea Ne7,Rc8 was the main defensive
method}) 48... Kg6 49. Be5 {weak c6, but all I do is chase his pieces to
better squares.  The main change is that no Rook guards the 3rd rank, so his
Ne4 will now invade with Rooks' assist.} Rce7 50. Bd6 Re6 51. Bc5 (51. Rxc6 {
was supposed to work} Ne4 {pins and wins}) 51... Ne4 52. Rc8 {found a theme
based off the pin along the 6th} (52. Bd4 Ng3 {with 3rd rank left unguarded,
Black has some serious threats.. beginning with Ne2+ fork and longterm Re1-h1#
if g3-Knight becomes protected.}) 52... Nxc5 53. Raxc6 {Gaining a Pawn, maybe
getting a Rook trade on top of it.} Rff6 54. Rxc5 Rd6 55. Rc2 {covering the
2nd rank, so there are no invasion points on f-file} d4 56. R8c5 {keeping his
King from walking to protect his passer} (56. Rd2 Kf5) 56... h5 57. Rd2 {now
Rc4 will win his passer, the King is a square too far away} h4 58. b5 {forcing
draw either by advancing again or Rc6 pin} Rde6 {idea Re1+,Rf1-h1#} 59. Rc6 {
A Rook trade is forced, whereupon his passer dies.  I would then just have to
keep his King from advancing (using my Rook across, say, the 4th rank.} 1/2-1/2

[Event "Pawns-Forks po"]
[Site "?"]
[Date "2011.05.14"]
[Round "3.2"]
[White "Holloway, Matt"]
[Black "Levenson, Steve"]
[Result "0-1"]
[WhiteElo "1793"]
[BlackElo "1961"]
[Annotator "Friske,Tom"]
[PlyCount "96"]
[SourceDate "2011.05.11"]

1. d4 Nf6 2. c4 g6 3. Nc3 Bg7 4. e4 d6 5. f3 O-O 6. Be3 Na6 7. Qd2 c5 8. d5 Nc7
9. Bd3 a6 10. Nge2 Bd7 11. Bh6 b5 12. Ng3 bxc4 13. Bxc4 Bb5 14. Nxb5 Nxb5 15.
Bxb5 axb5 16. Bxg7 Kxg7 17. Kf2 Ra4 18. b3 Ra3 19. Rhc1 Qb6 20. Kf1 Rfa8 21.
Rc2 Rxb3 22. axb3 Rxa1+ 23. Rc1 Qa6 24. Qb2 Ra2 25. Qb1 Qa3 26. Ne2 Rb2 27. Qd3
Rxb3 28. Rc3 Rxc3 29. Qxc3 Qxc3 30. Nxc3 b4 31. Nb1 Nd7 32. Ke2 Kf6 33. Kd3 (
33. f4) 33... Nb6 34. Nd2 e6 35. dxe6 fxe6 36. g3 d5 37. f4 Ke7 38. g4 Kf6 39.
g5+ Ke7 40. Nf3 c4+ 41. Kc2 dxe4 42. Nd4 Kd6 43. Nb5+ Kc6 (43... Kc5 44. Nc7
b3+ 45. Kc3 Na4+ 46. Kd2 c3+ 47. Kc1 b2+ 48. Kc2 Nb6 {idea Nd5-b4+}) 44. Nd4+
Kd5 45. Ne2 e5 46. Kd2 exf4 47. Nxf4+ Ke5 48. Ke3 Nd5+ 0-1

[Event "Pawns-Forks po"]
[Site "?"]
[Date "2011.05.14"]
[Round "3.4"]
[White "Vitkauskas, V."]
[Black "Persons, Josh"]
[Result "0-1"]
[WhiteElo "1697"]
[BlackElo "1580"]
[PlyCount "72"]
[SourceDate "2011.05.11"]

1. c4 e5 2. Nc3 Nf6 3. Nf3 Nc6 4. d4 exd4 5. Nxd4 Bc5 6. e3 O-O 7. Nxc6 dxc6 8.
Be2 Bf5 9. O-O Qd6 10. b3 Rad8 11. Bb2 Qe6 12. Qc1 Ng4 13. Bxg4 Bxg4 14. Qc2
Qh6 15. Ne2 Bxe3 16. Qc3 Bxe2 17. fxe3 Bxf1 18. Rxf1 f6 19. Bc1 Qg6 20. c5 Qg4
21. Qc2 Rd5 22. Rf3 Rfd8 23. e4 Rd1+ 24. Kf2 Qh4+ 25. Rg3 Qxh2 26. Rh3 Qg1+ 27.
Kg3 R8d3+ 28. Kg4 Rxh3 29. Qc4+ Kf8 30. Kxh3 Rxc1 31. Qd3 Qxc5 32. Qd8+ Kf7 33.
Qxc7+ Qe7 34. Qf4 Rh1+ 35. Kg4 Qe6+ 36. Kg3 Qe5 0-1

[Event "Forks-Pawns po"]
[Site "?"]
[Date "2011.05.14"]
[Round "3.5"]
[White "Bian, Mike"]
[Black "Kukuruza, Vasyl"]
[Result "1-0"]
[WhiteElo "1486"]
[BlackElo "1671"]
[Annotator "Friske,Tom"]
[PlyCount "148"]
[SourceDate "2011.05.11"]

1. e4 e5 2. Nf3 Nc6 3. d4 exd4 4. Bc4 Be7 5. O-O d6 6. h3 Ne5 7. Bb3 c5 8. c3
Bf6 9. cxd4 cxd4 10. Nxd4 Ne7 11. Nc3 N7c6 12. Nxc6 bxc6 13. f4 Ng6 14. Qh5
Bd4+ 15. Kh1 O-O 16. Ne2 Qb6 17. Nxd4 Qxd4 18. Qe2 a5 19. Qc4 Qb6 20. Re1 Ba6
21. Qc3 Rac8 22. Be3 Qd8 23. Rad1 Qh4 24. f5 Ne5 25. Rxd6 Ng4 26. Bc5 Nf2+ 27.
Kg1 Nxe4 28. Rxe4 Qxe4 29. Bc2 Qe2 30. f6 Qf1+ 31. Kh2 Rfe8 32. fxg7 Re2 33.
Bxh7+ Kxh7 34. Qg3 Qe1 35. Qg4 Re6 36. Qh5+ Kxg7 37. Qg5+ Rg6 38. Rxg6+ fxg6
39. Bd4+ Kf7 40. Qf6+ Ke8 41. Qxg6+ Kd8 42. Qf6+ Qe7 43. Qh8+ Kc7 44. Be5+ Kb7
45. Qh5 Re8 46. Bc3 Rd8 47. Qxa5 Qc7+ 48. Qxc7+ {White actually played Qg5,
not realizing he was in check !  His opponent called him on this and an
arguement ensued. The TD ruled that the Queen had been touched, so must make a
legal move.  White will be a piece down, but ample compensation with three
extra Pawns.} Kxc7 49. Ba5+ Kd7 50. Bxd8 Kxd8 51. g4 Ke7 52. Kg3 Kf6 53. Kf4 c5
54. h4 (54. b3 {idea Ke4-d5-xc5}) 54... Bd3 55. a4 Bc4 56. h5 Ke6 57. g5 Kf7
58. a5 Be2 59. h6 Kg6 60. Ke5 Kh7 (60... Kxg5 $4 61. h7) 61. Kd5 c4 62. Kd4 (
62. Kc6 {idea Kb6,a6-b7,Kc7-b8,a8Q winning Bishop,  then run King over to
other flank}) 62... Bf1 63. Kc3 Kg6 64. a6 Bg2 65. Kxc4 Bf1+ 66. Kc5 Bxa6 67.
b4 Bd3 68. Kd4 (68. b5 {idea b6,Kd6-c7,b7,etc}) 68... Bf5 69. b5 Kxg5 70. b6
Kxh6 71. b7 Kg5 72. b8=Q Kh6 73. Ke5 Bg6 74. Kf6 Bh5 1-0

[Event "AMARS-Wombats po"]
[Site "?"]
[Date "2011.05.14"]
[Round "3.1"]
[White "Brock, Bill"]
[Black "Tennant, Steve"]
[Result "0-1"]
[WhiteElo "1962"]
[BlackElo "2268"]
[Annotator "Friske,Tom"]
[PlyCount "72"]
[SourceDate "2011.05.11"]

1. d4 Nf6 2. c4 g6 3. Nc3 Bg7 4. e4 d6 5. Nf3 O-O 6. Be2 e5 7. O-O Nc6 8. d5
Ne7 9. b4 c6 10. Ne1 a5 11. bxa5 c5 12. Bd2 Rxa5 13. Nd3 Nd7 14. Nb5 Ra6 15. f4
f5 16. fxe5 Nxe5 17. Nxe5 Bxe5 18. Bh6 Rf7 19. a3 Nxd5 20. cxd5 Qh4 21. Bf4 (
21. Bd2 Bxh2+ 22. Kh1 Bg3+ 23. Kg1 Qh2#) 21... Bxf4 22. g3 Be3+ 23. Kh1 Qxe4+
24. Bf3 Qe8 25. Qd3 Bg5 26. Rae1 Qd8 27. Re2 Re7 28. Rfe1 Rxe2 29. Rxe2 Bd7 30.
Re6 Bxe6 31. dxe6 Be7 32. Bxb7 Ra4 33. Bc6 Qa5 34. Kg2 Qe1 35. Qb3 Qe2+ 36. Kg1
Rc4 0-1

[Event "AMARS-Wombats po"]
[Site "?"]
[Date "2011.05.14"]
[Round "3.3"]
[White "Allen, Hence"]
[Black "Ellice, Wayne"]
[Result "0-1"]
[WhiteElo "1764"]
[BlackElo "1776"]
[PlyCount "60"]
[SourceDate "2011.05.11"]

1. d4 d5 2. c4 e6 3. Nf3 Nf6 4. Nc3 Be7 5. cxd5 exd5 6. Bf4 O-O 7. e3 c6 8. Bd3
Nbd7 9. O-O h6 10. Qc2 Nh5 11. Ne5 Nxf4 12. exf4 Nxe5 13. fxe5 f5 14. exf6 Rxf6
15. Rae1 Qf8 16. Qe2 Bd6 17. Bc2 Bd7 18. Qd1 Re8 19. Rxe8 Bxe8 20. Bb3 Kh8 21.
Ne2 Bh5 22. f3 g5 23. g4 Bg6 24. Kg2 a6 25. h3 h5 26. a4 h4 27. Nc1 Re6 28. Nd3
Bxd3 29. Qxd3 Qf4 30. Rg1 Qg3+ 0-1

[Event "Wombats-AMARS po"]
[Site "?"]
[Date "2011.05.14"]
[Round "3.4"]
[White "Zolkos, Adrian"]
[Black "Eaman, Rob"]
[Result "0-1"]
[WhiteElo "1732"]
[BlackElo "1770"]
[Annotator "Friske,Tom"]
[PlyCount "112"]
[SourceDate "2011.05.11"]

1. e4 c6 2. d4 d5 3. exd5 cxd5 4. Nf3 Nc6 5. c3 Bg4 6. Bf4 Nf6 7. h3 Bxf3 8.
Qxf3 e6 9. Nd2 Bd6 10. Bd3 a6 11. O-O O-O 12. Rfe1 Re8 13. Nb3 e5 14. dxe5 Bxe5
15. Bxe5 Nxe5 16. Qd1 Qb6 17. Qc2 Rac8 18. Re2 Nxd3 19. Qxd3 Rxe2 20. Qxe2 Re8
21. Qd2 Ne4 22. Re1 g6 23. Qd4 (23. Qxd5 Qxf2+ 24. Kh2 Qxe1) 23... Qxd4 24.
Nxd4 Kf8 25. f3 Nc5 26. Rxe8+ Kxe8 27. Kh2 Kd7 28. Kg3 Na4 29. Kf4 f6 30. Nb3
b6 31. h4 Nxb2 32. h5 Nd1 33. hxg6 hxg6 34. g4 Nxc3 35. g5 fxg5+ 36. Kxg5 Nxa2
37. Kxg6 Nc3 38. f4 a5 39. f5 Ne4 40. Nd2 Nd6 41. f6 Ke8 42. Kg7 a4 43. Nf3 a3
44. Nd4 a2 45. Nb5 (45. Nb3 d4) 45... Nxb5 (45... a1=Q {pinning f-Pawn} 46.
Nxd6+ Kd7) 46. f7+ Kd7 47. f8=Q a1=Q+ 48. Kh6 Qh1+ 49. Kg5 Qg2+ 50. Kh4 Qe4+
51. Kh3 Qe6+ 52. Kg2 Qg6+ 53. Kh1 Nd6 54. Qf2 Ne4 55. Qa2 Qh6+ 56. Kg1 Qc1+ {
idea Qd2+} 0-1